Sustainable Cities in Europe : (Record no. 612486)

MARC details
000 -LEADER
fixed length control field 00476nam a2200181 a 4500
008 - FIXED-LENGTH DATA ELEMENTS--GENERAL INFORMATION
fixed length control field 260214s2009##################000#0#eng##
020 ## - INTERNATIONAL STANDARD BOOK NUMBER
ISBN 9781844079827
082 04 - DEWEY DECIMAL CLASSIFICATION NUMBER
Classification number 307.76094
Item number NIJ
100 1# - MAIN ENTRY--AUTHOR NAME
Personal name Nijkamp, Peter,
245 10 - TITLE STATEMENT
Title Sustainable Cities in Europe :
260 ## - PUBLICATION, DISTRIBUTION, ETC. (IMPRINT)
Name of publisher Routledge,
Year of publication 2009.
650 #0 - SUBJECT ADDED ENTRY--TOPICAL TERM
Topical Term Cities and towns.
942 ## - ADDED ENTRY ELEMENTS (KOHA)
Koha item type English Books
Holdings
Withdrawn status Lost status Damaged status Not for loan Home library Current library Shelving location Date acquired Full call number Accession Number Price effective from Koha item type
        Anna Centenary Library Anna Centenary Library 3RD FLOOR, B WING 14.02.2026 307.76094 NIJ 440627 14.02.2026 English Books

Find us on the map